Torri, checche e tortellini /

Tallennettuna:
Bibliografiset tiedot
Muut tekijät: Adriatico, Andrea, (1966- )
Aineistotyyppi: Kirja
Kieli:italia
Julkaistu: Bologna : Cinemare, 2016
Tagit: Lisää tagi
Ei tageja, Lisää ensimmäinen tagi!

MARC

LEADER 00000nam a22000007i 4500
001 IT\ICCU\UBO\4912041
003 ItRI
005 20260115232442.0
008 251027s2016 it |||||| ||||| |||||c
040 |b ita  |c importazione bologna sebina 
041 7 |a ita  |2 ISO-639-2 
130 0 |a Torri, checche e tortellini <film ; 2015>  |3 IT\ICCU\UBO\4912063 
245 0 0 |a Torri, checche e tortellini /  |c un film di Andrea Adriatico. 
260 |a Bologna :  |b Cinemare,  |c 2016 
300 |a 1 DVD-video (75 min.) ;  |c in contenitore, 19 cm 
500 |a Caratteristiche tecniche: codice area 2; sistema e formati video: PAL,16:9, Dolby digital 2.0; color 
500 |a Titolo del contenitore Produzione cinematografica Italia 2015 
500 |a Interpreti: Marco Barbieri, Vincenzo Branà, Stefano Casi, Vincenzo Corigliano, Domenico Del Prete, Alessandro Fullin, Franco Grillini, Rinaldo Luchini, Luciano Pignotti, Beppe Ramina, Diego Scudiero, Sandra Soster, Valérie Taccarelli. Elvira Tonelli, Walter Vitali, Eva Robin's 
500 |a Lingue: italiano; sottotitoli: inglese 
500 |a Sul contenitore: appunti per una storia senza storia dell'omosessualità del '900 : 1. Il Cassero di Porta Saragozza. 
700 1 |a Adriatico, Andrea,  |d  (1966- )  |0 IT\ICCU\RAVV\540714 
942 |2 ddc  |c BK  |n 0 
952 |0 0  |1 0  |4 0  |6 VO_2340_000000000000000  |7 0  |9 25994  |a BO  |b BO  |d 2026-01-15  |i 18872  |l 0  |o VO 2340  |p BO18872  |r 2026-01-15 23:24:42  |w 2026-01-15  |x [Sebina 7] [1 dvd]  |y BK  |z 1 dvd 
999 |c 22022  |d 22022